La sociedad española a través del teatro del siglo XIX / (Record no. 88674)

MARC details
000 -LEADER
campo de control de longitud fija 00768nam a2200217 i 4500
001 - NÚMERO DE CONTROL
campo de control 88674
003 - IDENTIFICADOR DE NÚMERO DE CONTROL
campo de control ES-MaACL
005 - FECHA Y HORA DE LA ÚLTIMA TRANSACCIÓN
campo de control 20250824030020.0
007 - CAMPO FIJO DE DESCRIPCIÓN FÍSICA--INFORMACIÓN GENERAL
campo de control de longitud fija t|
008 - DATOS DE LONGITUD FIJA--INFORMACIÓN GENERAL
campo de control de longitud fija 050105s1947 sp ||||1| spa d
100 1# - ENTRADA PRINCIPAL--NOMBRE DE PERSONA
Nombre de persona Larra, Fernando José de.
9 (RLIN) 70286
245 13 - MENCIÓN DEL TÍTULO
Título La sociedad española a través del teatro del siglo XIX /
Mención de responsabilidad, etc. por Fernando José de Larra.
260 ## - PUBLICACIÓN, DISTRIBUCIÓN, ETC.
Lugar de publicación, distribución, etc. Madrid :
Nombre del editor, distribuidor, etc. [Escuela Social de Madrid],
Fecha de publicación, distribución, etc. 1947 (
Fabricante F. Domenech)
300 ## - DESCRIPCIÓN FÍSICA
Extensión 37 p. ;
Dimensiones 22 cm.
594 ## - Nota al título y mención de responsabilidad
Nota al título y mención de responsabilidad Precede al tít.: Ministerio de Trabajo. Escuela Social de Madrid.
650 #4 - PUNTO DE ACCESO ADICIONAL DE MATERIA--TÉRMINO DE MATERIA
Término de materia o nombre geográfico como elemento de entrada Teatro y sociedad-
Subdivisión geográfica España.
9 (RLIN) 173594
650 #7 - PUNTO DE ACCESO ADICIONAL DE MATERIA--TÉRMINO DE MATERIA
Término de materia o nombre geográfico como elemento de entrada Teatro-
Subdivisión geográfica España-
Subdivisión cronológica S.XIX
Fuente del encabezamiento o término
9 (RLIN) 141742
710 2# - ENTRADA AGREGADA--NOMBRE DE ENTIDAD CORPORATIVA
Nombre de entidad corporativa o nombre de jurisdicción como elemento de entrada Escuela Social de Madrid.
9 (RLIN) 3593
852 ## - LOCALIZACIÓN
Ubicación ES-MaACL
Número de control de estantería 1779-F-2
Holdings
Estatus retirado Estado de pérdida Estado de daño No para préstamo Colección Biblioteca de origen Biblioteca actual Ubicación en estantería Fecha de adquisición Fuente de adquisición Total de préstamos Signatura topográfica completa Código de barras Visto por última vez Precio de reemplazo Tipo de ítem Koha
        Colección de folletos Biblioteca del Ateneo de Madrid Biblioteca del Ateneo de Madrid Depósito folletos 17/01/2008     1779-F-2 1092623 23/02/2023 23/02/2023 Folleto